NATURE'S choice to wellness : antioxidant vegetables/ulam

Bibliographic Details
Other Authors: Vimala
Format: Book
Published: Kuala Lumpur : Institut Penyelidikan Perhutanan Malaysia , 2003
Series:Siri alam dan rimba; no. 7
Subjects:

MARC

LEADER 00000cam a2200000 7i4500
001 0000002722
005 20031216.0
020 0 0 |a 9832181437 
090 0 0 |a R581.63   |b NAT 2003 
245 0 0 |a NATURE'S choice to wellness :   |b antioxidant vegetables/ulam   |c S. Vimala ... (et al.) 
260 0 0 |a Kuala Lumpur :   |b Institut Penyelidikan Perhutanan Malaysia ,   |c 2003 
300 |a vii, 133 p. :   |b col. ill. ;   |c 25 cm. 
440 0 0 |a Siri alam dan rimba; no. 7 
500 0 0 |a Includes bibliography : p. 113-115 and index 
650 0 0 |a Plants, Edible 
650 0 0 |a Vegetables 
700 0 1 |a Vimala   |h S. 
998 |a JPSM 
999 |a 0000004912   |b Monograph   |c Reference   |e Default branch